[Event "AUTO-ADV-989"]
[Site "http://www.queenalice.com/game.php?id=441718"]
[Date "2008.7.31"]
[Round "1"]
[White "skyknight193"]
[Black "crawfb5"]
[Result "0-1"]
[WhiteElo "1713"]
[BlackElo "2026"]

1. d4 Nf6 2. Bg5 d5 3. c4 Ne4 4. Bf4 e6 5. a3 Be7 6. Qc2 c6 7. e3 O-O 8. Bd3 f5
9. Nf3 Nd7 10. Nc3 Ndf6 11. Bxe4 Nxe4 12. O-O-O Qa5 13. h3 Nxc3 14. Qxc3 Qxc3+
15. bxc3 Bxa3+ 16. Kc2 Be7 17. Ne5 Bf6 18. c5 Bxe5 19. Bxe5 b5 20. Rdf1 a5 0-1

[Event "AUTO-ADV-989"]
[Site "http://www.queenalice.com/game.php?id=441719"]
[Date "2008.7.31"]
[Round "1"]
[White "crawfb5"]
[Black "skyknight193"]
[Result "1-0"]
[WhiteElo "2022"]
[BlackElo "1717"]

1. e4 c6 2. d4 d5 3. Nc3 e6 4. Nf3 c5 5. exd5 exd5 6. dxc5 Be6 7. Be3 Nf6 8.
Bb5+ Nbd7 9. c6 bxc6 10. Bxc6 Rc8 11. Bxd5 Rxc3 12. Bxe6 Rxe3+ 13. fxe3 fxe6 14.
O-O Bc5 15. Kh1 O-O 16. Qe2 Qb6 17. c3 Re8 18. e4 Qc7 19. Nd4 Bxd4 20. cxd4 e5
21. d5 Rb8 22. Rac1 1-0

[Event "AUTO-MASTER-577"]
[Site "http://www.queenalice.com/game.php?id=441833"]
[Date "2008.7.31"]
[Round "1"]
[White "jeantomasia"]
[Black "skyknight193"]
[Result "1-0"]
[WhiteElo "2076"]
[BlackElo "1976"]

1. e4 c5 2. Nf3 d6 3. d4 cxd4 4. Nxd4 Nf6 5. Nc3 g6 6. Be2 Bg7 7. Be3 O-O 8. O-O
Nc6 9. Kh1 Bd7 10. h3 Qc8 11. g4 h6 12. f4 Kh7 13. Nf3 Rh8 14. f5 h5 15. g5 Ne8
16. Nh4 Rf8 17. Bxh5 gxh5 18. Qxh5+ Kg8 19. Nd5 1-0

[Event "AUTO-MASTER-577"]
[Site "http://www.queenalice.com/game.php?id=441834"]
[Date "2008.7.31"]
[Round "1"]
[White "skyknight193"]
[Black "jeantomasia"]
[Result "0-1"]
[WhiteElo "1710"]
[BlackElo "2137"]

1. d4 Nf6 2. c4 g6 3. Nc3 Bg7 4. e4 d6 5. f4 c5 6. dxc5 Qa5 7. Bd2 Qxc5 8. Nf3
O-O 9. Bd3 b6 10. Qc2 Ng4 11. Rf1 Ne3 12. Bxe3 Qxe3+ 13. Ne2 Bxb2 14. Qxb2 Qxd3
15. f5 Qxe4 16. Nd4 Qxg2 17. O-O-O Bd7 18. fxg6 hxg6 19. Rg1 Qe4 20. h4 Bg4 21.
h5 Nd7 22. hxg6 fxg6 23. Rh1 Ne5 24. Ng3 Qe3+ 25. Kb1 Bxd1 26. Nc6 Qxg3 27.
Nxe7+ Kf7 28. Nd5 Bh5 0-1

[Event "AUTO-MASTER-581"]
[Site "http://www.queenalice.com/game.php?id=444842"]
[Date "2008.8.7"]
[Round "1"]
[White "skyknight193"]
[Black "Alexandrovinsk"]
[Result "0-1"]
[WhiteElo "1652"]
[BlackElo "2104"]

1. d4 Nf6 2. Nf3 e6 3. e3 b6 4. b3 Bb7 5. Be2 Be7 6. Bb2 O-O 7. O-O Ne4 8. Bd3
f5 9. c4 Ng5 10. Nbd2 Nxf3+ 11. Nxf3 Na6 12. a3 c5 13. Be2 Nc7 14. d5 exd5 15.
cxd5 Bxd5 16. b4 cxb4 17. axb4 Bxb4 18. Qd4 Qe7 19. Rfc1 Bc5 20. Rxc5 bxc5 21.
Qc3 d6 0-1

[Event "AUTO-MASTER-581"]
[Site "http://www.queenalice.com/game.php?id=444843"]
[Date "2008.8.7"]
[Round "1"]
[White "Alexandrovinsk"]
[Black "skyknight193"]
[Result "1-0"]
[WhiteElo "2105"]
[BlackElo "1650"]

1. e4 c6 2. d4 d5 3. exd5 cxd5 4. Bd3 e6 5. Nf3 a6 6. O-O Nc6 7. c3 Bd6 8. Re1
Nf6 9. Bg5 h6 10. Bh4 O-O 11. Ne5 Be7 12. Nd2 Nd7 13. Bxe7 Qxe7 14. f4 Nf6 15.
Ndf3 Bd7 16. Bc2 Nh5 17. Qd3 f5 18. Ng6 Qf6 19. Nxf8 Rxf8 20. g3 1-0

[Event "AUTO-MASTER-581"]
[Site "http://www.queenalice.com/game.php?id=444844"]
[Date "2008.8.7"]
[Round "1"]
[White "skyknight193"]
[Black "killtochess"]
[Result "1-0"]
[WhiteElo "1977"]
[BlackElo "2075"]

1. d4 Nf6 2. Nf3 e6 3. e3 d5 4. a3 Bd6 5. c4 c6 6. Nc3 O-O 7. Bd3 Nbd7 8. Qc2
dxc4 9. Bxc4 e5 10. O-O e4 11. Nxe4 Nxe4 12. Qxe4 Nf6 13. Qc2 Bg4 14. Be2 Qc7
15. h3 Bh5 16. Nh4 Bxe2 17. Qxe2 Ne4 18. Nf5 Bh2+ 19. Kh1 Bd6 20. Qg4 1-0

[Event "AUTO-MASTER-581"]
[Site "http://www.queenalice.com/game.php?id=444845"]
[Date "2008.8.7"]
[Round "1"]
[White "killtochess"]
[Black "skyknight193"]
[Result "1-0"]
[WhiteElo "2056"]
[BlackElo "1961"]

1. e4 c6 2. d4 d5 3. e5 Bf5 4. Bd3 Bxd3 5. Qxd3 e6 6. Ne2 Qb6 7. c3 Qa6 8. Qxa6
Nxa6 9. O-O c5 10. a3 Ne7 11. Be3 Nf5 12. Nd2 h5 13. Ng3 h4 14. Nxf5 exf5 15. f4
Be7 16. b4 c4 17. Rf3 Kd7 18. Nf1 Rh6 19. g3 1-0

[Event "AUTO-ADV-995"]
[Site "http://www.queenalice.com/game.php?id=444978"]
[Date "2008.8.7"]
[Round "1"]
[White "razoman"]
[Black "skyknight193"]
[Result "1-0"]
[WhiteElo "2009"]
[BlackElo "1752"]

1. e4 e6 2. d4 d5 3. Nc3 Nf6 4. Bg5 Be7 5. Bxf6 Bxf6 6. e5 Bg5 7. Nf3 Bd7 8. a4
b6 9. Bd3 c5 10. Nb5 Bxb5 11. Bxb5+ Nd7 12. c3 Bh6 13. O-O a6 14. Bd3 cxd4 15.
cxd4 O-O 16. Qe2 Qc8 17. Ra3 a5 18. Rc3 Qd8 19. Qc2 Rc8 20. Bxh7+ Kh8 21. Bd3
Rxc3 22. Qxc3 Qb8 23. Qc6 1-0

[Event "AUTO-ADV-995"]
[Site "http://www.queenalice.com/game.php?id=444979"]
[Date "2008.8.7"]
[Round "1"]
[White "skyknight193"]
[Black "razoman"]
[Result "0-1"]
[WhiteElo "1758"]
[BlackElo "2003"]

1. d4 e6 2. e3 d5 3. a3 Nf6 4. Nf3 Be7 5. c4 c5 6. Nc3 Bd7 7. dxc5 Bxc5 8. cxd5
exd5 9. Nxd5 O-O 10. Bc4 Nc6 11. Nxf6+ gxf6 12. b4 Bb6 13. Bb2 Qe7 14. Qc2 Ne5
15. Nxe5 fxe5 16. Qe4 Bc6 17. Qg4+ Kh8 18. f4 Bc7 19. Rf1 Rg8 20. Qh5 Rxg2 21.
Bxe5+ Bxe5 0-1

[Event "AUTO-ADV-995"]
[Site "http://www.queenalice.com/game.php?id=444992"]
[Date "2008.8.7"]
[Round "1"]
[White "egotistic"]
[Black "skyknight193"]
[Result "1-0"]
[WhiteElo "1960"]
[BlackElo "1702"]

1. Nc3 g6 2. Nf3 Bg7 3. g3 Nf6 4. Bg2 c6 5. O-O d5 6. d4 Bf5 7. Bf4 O-O 8. Rc1
h6 9. h4 Qc8 10. Qd2 Kh7 11. Ne5 Nbd7 12. f3 Nh5 13. g4 Nxf4 14. Qxf4 Nxe5 15.
dxe5 Be6 16. Qg3 Qc7 17. f4 f5 18. g5 hxg5 19. hxg5 Rh8 20. b3 Kg8 21. a4 Kf7
22. Kf2 Rh7 23. Qd3 Qb6+ 24. e3 1-0

[Event "AUTO-ADV-995"]
[Site "http://www.queenalice.com/game.php?id=444993"]
[Date "2008.8.7"]
[Round "1"]
[White "skyknight193"]
[Black "egotistic"]
[Result "0-1"]
[WhiteElo "1696"]
[BlackElo "1966"]

1. d4 Nf6 2. Nf3 d5 3. e3 Nbd7 4. c4 c6 5. Nc3 g6 6. b3 Bg7 7. Bb2 O-O 8. Bd3
Nh5 9. Qc2 f5 10. h3 e5 11. dxe5 Nxe5 12. Nd4 Bd7 13. O-O-O Nf6 14. f4 Nxd3+ 15.
Qxd3 Rc8 16. Rdg1 Qe8 17. Qe2 h5 18. Nc2 Be6 19. Nd1 Qd7 20. Nf2 dxc4 21. g4 Bd5
22. Rh2 cxb3 23. axb3 h4 0-1